| 000 | 01234nam a22002777a 4500 | ||
|---|---|---|---|
| 001 | 22145 | ||
| 005 | 20260331152255.0 | ||
| 008 | 260327b |||||||| |||| 00| 0 spa d | ||
| 020 | _a9786074487367 | ||
| 041 | _aESP | ||
| 082 |
_a616.4 _bA32 |
||
| 100 |
_aAguilar Salinas, Carlos Alberto _eAUT |
||
| 245 | _aAlexánderson. Fisiología de los sistemas endocrino y digestivo | ||
| 260 |
_aCiudad de México : _bEditorial El Manual Moderno, _c2019 |
||
| 300 |
_axviii, 235 páginas : _bilustraciones, cuadros ; _c28 cm. |
||
| 440 | _a ; | ||
| 650 | _aTCA | ||
| 653 | _aMedicina; Endocrinología; Fisiología humana; Sistema gastrointestinal | ||
| 654 | _aCCS | ||
| 700 |
_aEstradas Trujillo, José Alberto _eAUT |
||
| 700 |
_aHernández Martínez, María Teresa, _eEDT |
||
| 856 |
_uhttps://0u216utua-y-https-accessmedicina-mhmedical-com.itmsp.museknowledge.com/ _zVéase además: Base de datos McGraw Hill Access Medicina |
||
| 856 |
_uhttps://0u23futzm-y-https-www-clinicalkey-com.itmsp.museknowledge.com/student/login _zVéase además: Base de datos ClinicalKey |
||
| 856 |
_uhttps://0u203uu12-y-https-www-uptodate-com.itmsp.museknowledge.com/login _zVéase además: Base de datos UpToDate |
||
| 942 |
_cLIB _dJUS _fMAT _n0 _2ddc |
||
| 999 |
_c22145 _d22145 |
||